|
|
|
|
| LEADER |
01275nam a22002657a 4500 |
| 001 |
29612 |
| 003 |
BD-DhAAL |
| 005 |
20150901101225.0 |
| 008 |
150901s1976 bg ||||| |||| 00| 0 eng d |
| 040 |
|
|
|a BD-DhAAL
|c BD-DhAAL
|
| 082 |
|
|
|2 22
|a 307.1412095492
|
| 245 |
|
|
|a BRAC
|
| 260 |
|
|
|a Dhaka :
|b Bangladesh Rural Advancement Committee.
|c 1976
|
| 300 |
|
|
|a 44 p. :
|c 29 cm.
|
| 541 |
|
|
|e 29612, 29613, 29614, 29615
|
| 610 |
|
|
|a BRAC
|9 14335
|
| 650 |
|
|
|a Rural Development
|z Bangladesh
|9 14336
|
| 710 |
|
|
|a BRAC
|9 14335
|
| 852 |
|
|
|a Ayesha Abed Library
|c General Stacks
|
| 942 |
|
|
|2 ddc
|c BK
|
| 999 |
|
|
|c 35404
|d 35404
|
| 952 |
|
|
|0 0
|1 0
|2 ddc
|4 0
|6 307_141209549200000_BRA
|7 0
|9 55670
|a BRACUL
|b BRACUL
|c GEN
|d 2015-09-01
|l 1
|o 307.1412095492 BRA
|p 3010029612
|r 2025-12-30
|s 2025-03-23
|t 1
|w 2015-09-01
|y BK
|
| 952 |
|
|
|0 0
|1 0
|2 ddc
|4 0
|6 307_141209549200000_BRA
|7 0
|9 55671
|a BRACUL
|b BRACUL
|c GEN
|d 2015-09-01
|l 0
|o 307.1412095492 BRA
|p 3010029613
|r 2015-09-01
|t 2
|w 2015-09-01
|y BK
|
| 952 |
|
|
|0 0
|1 0
|2 ddc
|4 0
|6 307_141209549200000_BRA
|7 1
|9 55672
|a BRACUL
|b BRACUL
|c BRS
|d 2015-09-01
|l 1
|o 307.1412095492 BRA
|p 3010029614
|r 2026-02-01
|s 2025-03-24
|t 3
|w 2015-09-01
|y BK
|
| 952 |
|
|
|0 0
|1 0
|2 ddc
|4 0
|6 307_141209549200000_BRA
|7 0
|9 55673
|a BRACUL
|b BRACUL
|c GEN
|d 2015-09-01
|l 0
|o 307.1412095492 BRA
|p 3010029615
|r 2015-09-01
|t 4
|w 2015-09-01
|y BK
|